000 nam a22 4500
999 _c28707
_d28707
008 170315b xxu||||| |||| 00| 0 eng d
020 _a9780073205540
020 _a0073205540
050 _aHF 5686
_b.C8L36 2008
100 _aHarper Betty S
245 _aStudy guide for use with Fundamentals of cost accounting /
_cBetty S Harper...[et al.].
250 _a2nd ed.
260 _aNew York :
_bMcGraw-Hill,
_c2008.
300 _a187 p. :
_bill. ;
_c28 cm
650 _aAccounting
_xOutlines, syllabi, etc.
650 _aAccounting.
700 _a William Lanen...[et al.].
942 _2lcc
_cBOOKS
_hHF 5686 .C8L36 2008